全球塑料垃圾出口前15国家/地区 Countries/regions with top15 exports of plastic waste - Statistics

General Stats
  • This quiz has been taken 56 times
  • The average score is 10 of 14
Answer Stats
塑料垃圾出口量/千吨 国家或地区 % Correct
425 美国
100%
693 德国
98%
386 法国
98%
202 加拿大
98%
615 英国
94%
606 日本
92%
223 西班牙
92%
166 澳大利亚
76%
577 荷兰
74%
114 瑞典
68%
439 比利时
66%
133 波兰
48%
100 捷克
20%
108 菲律宾
12%
No matching quizzes found
Score Distribution
Percent of People with Each Score
Percentile by Number Answered
Your Score History
You have not taken this quiz